ARRUPE JESUIT UNIVERSITY

CORONAVIRUS -STOP THE SPREAD - CLEAN,DISINFECT,COVER

Determined to act : (Record no. 126027)

MARC details
000 -LEADER
fixed length control field 01029cam a2200289 a 4500
001 - CONTROL NUMBER
control field 11866304
003 - CONTROL NUMBER IDENTIFIER
control field ARRUPE
005 - DATE AND TIME OF LATEST TRANSACTION
control field 20170207141401.0
008 - FIXED-LENGTH DATA ELEMENTS--GENERAL INFORMATION
fixed length control field 990921s1998 rh a 000 0 eng
010 ## - LIBRARY OF CONGRESS CONTROL NUMBER
LC control number 99892364
020 ## - INTERNATIONAL STANDARD BOOK NUMBER
International Standard Book Number 0797418709
035 ## - SYSTEM CONTROL NUMBER
System control number (DLC) 99892364
040 ## - CATALOGING SOURCE
Original cataloging agency DLC
Transcribing agency DLC
042 ## - AUTHENTICATION CODE
Authentication code lcode
043 ## - GEOGRAPHIC AREA CODE
Geographic area code f-rh---
050 00 - LIBRARY OF CONGRESS CALL NUMBER
Classification number HQ1236.5.Z55
Item number W38 1998
082 00 - DEWEY DECIMAL CLASSIFICATION NUMBER
Classification number 305.42/096891
Edition number 21
300 ## - PHYSICAL DESCRIPTION
Other physical details ill. ;
Dimensions 21 cm.
100 1# - MAIN ENTRY--PERSONAL NAME
Personal name Watson, Peggy W.,
Dates associated with a name 1948-
9 (RLIN) 28522
245 10 - TITLE STATEMENT
Title Determined to act :
Remainder of title the first 15 years of the Women's Action Group (1983 to 1998) /
Statement of responsibility, etc Peggy Watson.
260 ## - PUBLICATION, DISTRIBUTION, ETC. (IMPRINT)
Place of publication, distribution, etc Avondale, Harare, Zimbabwe :
Name of publisher, distributor, etc Women action Group,
Date of publication, distribution, etc c1998.
300 ## - PHYSICAL DESCRIPTION
Extent ix, 62 p. :
650 #0 - SUBJECT ADDED ENTRY--TOPICAL TERM
Topical term or geographic name as entry element Women's rights
Geographic subdivision Zimbabwe
General subdivision History.
9 (RLIN) 28523
650 #0 - SUBJECT ADDED ENTRY--TOPICAL TERM
Topical term or geographic name as entry element Women
Geographic subdivision Zimbabwe
General subdivision Social conditions.
9 (RLIN) 28524
906 ## - LOCAL DATA ELEMENT F, LDF (RLIN)
a 7
b cbc
c origode
d 3
e ncip
f 19
g y-gencatlg
942 ## - ADDED ENTRY ELEMENTS (KOHA)
Source of classification or shelving scheme Library of Congress Classification
Koha item type Monograph ( Printed materials)
Holdings
Withdrawn status Lost status Source of classification or shelving scheme Damaged status Not for loan Collection code Home library Current library Shelving location Date acquired Total Checkouts Full call number Barcode Date last seen Price effective from Koha item type
    Library of Congress Classification     Main Collection ARRUPE LIBRARY ARRUPE LIBRARY Main Collection 07/02/2017   HQ1236.5.Z55 W38 1998 46500024000 09/05/2018 07/02/2017 Monograph ( Printed materials)

 

Arrupe Library. PO Box MP320 Mt Pleasant, Harare, Zimbabwe
263 242 745411|librarian@aju.ac.zw